[Event "XXIX Open"]
[Site "Seville ESP"]
[Date "2004.01.10"]
[Round "2"]
[White "Montero Campuzano,R"]
[Black "Mirzoev,A"]
[Result "0-1"]
[WhiteElo "2112"]
[BlackElo "2551"]

1.e4 c5 2.Nf3 Nc6 3.d4 cxd4 4.Nxd4 e6 5.Nc3 Qc7 6.Be2 Nf6 7.O-O a6 8.Be3 Bb4
9.Nxc6 bxc6 10.Bd3 d5 11.exd5 cxd5 12.Bd4 Bd6 13.Qf3 Bxh2+ 14.Kh1 Be5 15.Bxe5 Qxe5
16.Rae1 Qg5 17.Ne2 O-O 18.Qf4 Qxf4 19.Nxf4 a5 20.f3 Ba6 21.Rf2 Rfc8 22.c3 Bxd3
23.Nxd3 Rab8 24.Ne5 g6 25.Rd2 h5 26.Kh2 Kg7 27.Ree2 Rb7 28.Kh3 Ne8 29.Rd4 Nd6
30.Ra4 Rc5 31.Rd4 Rcb5 32.Rdd2 a4 33.a3 g5 34.Rc2 Rc7 35.Nd3 Rb8 36.Rcd2 Rh8
37.Ne5 Nc4 38.Nxc4 Rxc4 39.Kg3 Kf6 40.Kf2 h4 41.Kg1 Kf5 42.Rd3 Kf4 43.Kh2 Rd8
44.Kh3 e5 45.Red2 d4 46.Rd1 f5 47.Rf1 Rb8 48.Rf2 Rb3 49.Rdd2 dxc3 50.Rc2 Rxb2
51.Rxb2 cxb2 52.Rxb2 e4 53.fxe4 Rxe4 54.Kh2 Kg4 55.Rb5 f4 56.Rc5 Re3  0-1

[Event "XXIX Open"]
[Site "Seville ESP"]
[Date "2004.01.11"]
[Round "3"]
[White "Teran Alvarez,I"]
[Black "Korneev,O"]
[Result "1/2-1/2"]
[WhiteElo "2382"]
[BlackElo "2566"]

1.e4 c5 2.Nf3 e6 3.d4 cxd4 4.Nxd4 Nc6 5.Nc3 Qc7 6.Be2 a6 7.O-O Nf6 8.Be3 Bb4
9.Na4 Be7 10.Nxc6 bxc6 11.Nb6 Rb8 12.Nxc8 Qxc8 13.Bd4 Nxe4 14.Bxg7 Rg8 15.Be5 d6
16.f3 Nf2 17.Kxf2 dxe5 18.Kg1 Bc5+ 19.Kh1 Qd8 20.Qxd8+ Kxd8 21.Bxa6 Rxb2
22.Rab1 Rb6 23.Bd3 h5 24.a4 Kc7 25.a5 Rxb1 26.Rxb1 h4 27.a6 f5 28.Rb7+ Kd6
29.Rh7 Bf2 30.g3 hxg3 31.Kg2 e4 32.fxe4 f4 33.hxg3 Bd4 34.Rh3 Be5 35.Bc4 Rg7
36.Bb3 Kc7 37.Bxe6 Rxg3+ 38.Rxg3 fxg3 39.Bc4 Kb6 40.Kf3 Ka7 41.Bf1 Bd6 42.Kg4 g2
43.Bxg2 Kxa6 44.Kf5 Kb7 45.e5 Ba3 46.Ke6 Kc7 47.Kf7 Kd7 48.c4 Bb4 49.e6+ Kd8
50.Bxc6 Bc5 51.Kf6 Be7+ 52.Ke5 Kc7 53.Kd5 Bf8 54.Bb5 Be7 55.c5  1/2-1/2

[Event "GMB"]
[Site "Wijk aan Zee NED"]
[Date "2004.01.11"]
[Round "2"]
[White "Lobron,E"]
[Black "Stellwagen,D"]
[Result "1/2-1/2"]
[WhiteElo "2497"]
[BlackElo "2489"]

1.e4 c5 2.Nf3 e6 3.d4 cxd4 4.Nxd4 Nc6 5.Nc3 Qc7 6.Be2 a6 7.O-O Nf6 8.Be3 Bb4
9.Na4 Be7 10.Nxc6 bxc6 11.Nb6 Rb8 12.Nxc8 Qxc8 13.Bd4 c5 14.Be5 Rb6 15.Qd3 d6
16.Bc3 O-O 17.b3 d5 18.e5 Nd7 19.f4 c4 20.bxc4 Rc6 21.Qh3 Nb6 22.Bd3 g6 23.Rf3 Re8
24.cxd5 Rxc3 25.d6 Bxd6 26.exd6 Rc6 27.Qh6 Nd7 28.f5 exf5 29.Rxf5 Rxd6 30.Raf1 Re7
31.Rh5 Nf8 32.Rh4 Qc5+ 33.Kh1 Rd4 34.Bxa6 Ra7 35.Qe3 Ne6 36.Rxd4 Qxd4 37.Qe2 Nc5
38.Bc4 Ne4 39.c3 Nxc3 40.Bxf7+ Kg7 41.Qf3 Ne4 42.Bb3 Nf6 43.Qf2 Qxf2 44.Rxf2 Ne4
45.Rf4 Nc5 46.h4 Nxb3 47.axb3 Ra1+ 48.Kh2 Rb1 49.Rb4 Kf6 50.Kg3 Rb2 51.Kf3 h5
52.Rb5 Rd2 53.g3 Rd3+ 54.Kf4 Rd4+ 55.Ke3 Rg4 56.Kf3 Rd4 57.b4 Rc4 58.Rb8 Rc3+
59.Kf4 Rc4+ 60.Ke3 Rc3+ 61.Kf4 Rc4+ 62.Kf3 Rc3+ 63.Kg2 Rc2+ 64.Kh3 Rb2 65.Rf8+ Ke6
66.Rf4 Ke5 67.Rc4 Kf5 68.Rc5+ Kf6 69.b5 Kg7 70.Rc7+ Kh6 71.Rb7 Rc2 72.b6  1/2-1/2

[Event "XXIX Open"]
[Site "Seville ESP"]
[Date "2004.01.12"]
[Round "4"]
[White "Hidalgo Paniagua,F"]
[Black "Perez Pardo,J"]
[Result "0-1"]
[WhiteElo "1964"]
[BlackElo "2335"]

1.e4 c5 2.Nf3 e6 3.d4 cxd4 4.Nxd4 Nc6 5.Nc3 Nf6 6.Ndb5 d6 7.Bf4 e5 8.Bg5 a6
9.Na3 b5 10.Bxf6 gxf6 11.Nd5 f5 12.c3 Bg7 13.Bd3 f4 14.Qh5 O-O 15.O-O Ne7
16.c4 f5 17.f3 bxc4 18.Bxc4 Be6 19.Rad1 Bxd5 20.Bxd5+ Nxd5 21.Rxd5 Qb6+ 22.Rf2 Rac8
23.Rd1 d5 24.exf5 Rf6 25.Qg4 Kh8 26.g3 Bh6 27.Kg2 Rg8 28.Qh3 fxg3 29.hxg3 Bf4
30.g4 Rh6  0-1

[Event "ch-Commonwealth"]
[Site "Mumbai IND"]
[Date "2004.01.15"]
[Round "6"]
[White "Ramaswamy,A"]
[Black "Himanshu,K"]
[Result "1-0"]
[WhiteElo "2280"]
[BlackElo "2076"]

1.e4 c5 2.Nf3 e6 3.d4 cxd4 4.Nxd4 Nc6 5.Nc3 Qc7 6.Be2 a6 7.O-O Nf6 8.Be3 Bb4
9.Na4 Be7 10.Nxc6 bxc6 11.Nb6 Rb8 12.Nxc8 Qxc8 13.Bd4 c5 14.Be5 Rb6 15.Qd3 d6
16.Bc3 O-O 17.b3 d5 18.exd5 Nxd5 19.Be5 f6 20.Bg3 Rd8 21.Qc4 Bd6 22.Rfe1 Bxg3
23.hxg3 Rbd6 24.a3 Ne7 25.Rad1 Ng6 26.Bg4 Rxd1 27.Rxd1 Rxd1+ 28.Bxd1 Ne5
29.Qc3 Qd8 30.Be2 Qb6 31.b4 cxb4 32.Qxb4 Qc7 33.Qa4 Kf7 34.Bxa6 Qc3 35.Bf1 f5
36.Qb3 Qc5 37.Qb5 Qc3 38.Qb3 Qc5 39.a4 Ng4 40.Qf3 Qb4 41.Qf4 Qc5 42.Qd2 Ne5
43.a5 Nc4 44.Qd7+ Kf6 45.a6 Nd6 46.Bd3 Ne4 47.Bxe4 fxe4 48.a7 e3 49.a8=Q exf2+
50.Kf1 Qc4+ 51.Qd3  1-0

[Event "GMB"]
[Site "Wijk aan Zee NED"]
[Date "2004.01.15"]
[Round "5"]
[White "Van der Wiel,J"]
[Black "Lobron,E"]
[Result "1/2-1/2"]
[WhiteElo "2542"]
[BlackElo "2497"]

1.e4 c5 2.Nf3 e6 3.d4 cxd4 4.Nxd4 Nc6 5.Nc3 Qc7 6.Be2 a6 7.O-O Nf6 8.Kh1 Nxd4
9.Qxd4 Bc5 10.Qd3 b5 11.f4 Bb7 12.Bf3 h5 13.e5 Ng4 14.Bxb7 Qxb7 15.Ne4 Be7
16.b3 Nh6 17.Qf3 Kf8 18.Bb2 Rc8 19.Rf2 Nf5 20.Rd1 Rc7 21.Rfd2  1/2-1/2

[Event "ch-Kiev"]
[Site "Kiev UKR"]
[Date "2004.01.16"]
[Round "1"]
[White "Kernazhitsky,L"]
[Black "Brozhik,V"]
[Result "1/2-1/2"]
[WhiteElo "2371"]
[BlackElo "2140"]

1.e4 c5 2.Nc3 e6 3.Nf3 Nc6 4.d4 cxd4 5.Nxd4 Qc7 6.Be2 a6 7.O-O Nf6 8.Kh1 Bb4
9.Qd3 Nxd4 10.Qxd4 Bc5 11.Qd3 b5 12.f4 Bb7 13.Bf3 Rc8 14.e5 Bxf3 15.Qxf3 b4
16.exf6 bxc3 17.Qxc3 Bd6 18.Qxc7 Rxc7 19.fxg7 Rg8 20.Rd1 Be7 21.c3 Rxg7 22.Be3 d5
23.Rac1 Rg8 24.Kg1 f5 25.Kf2 Kf7 26.b3 Rgc8 27.Bd4 Rc6 28.Ke2 h5 29.g3 h4
30.gxh4 Bxh4 31.Rg1 Bf6 32.Kd3 Rh8 33.Rc2 Rh4 34.Rf2 Rc8 35.Be5 Rch8 36.Bxf6 Kxf6
37.Rgg2 Rh3+ 38.Kd4 R8h4 39.b4 Rh8 40.a4 Rc8 41.Rg3 Rc4+ 42.Kd3 Rh4 43.Rgf3 a5
44.Rb2 Rh7 45.b5 Rxa4 46.b6 Rb7 47.Rf1 Rc4 48.h4 Rc6 49.Rfb1 a4 50.h5 a3
51.Ra2 Rbxb6 52.Rxb6 Rxb6 53.Rxa3 e5 54.fxe5+ Kxe5 55.Ra1 Rh6 56.Re1+ Kf6
57.Kd4 Rxh5 58.Kxd5 f4+ 59.Kd4 Kf5 60.Re5+ Kg4 61.Rxh5 Kxh5 62.c4 Kh4 63.c5 f3  1/2-1/2

[Event "XXIX Open"]
[Site "Seville ESP"]
[Date "2004.01.17"]
[Round "9"]
[White "Almagro Mazariegos,S"]
[Black "Jimenez Algora,M"]
[Result "1-0"]
[WhiteElo "2326"]
[BlackElo "2054"]

1.e4 e6 2.d4 c5 3.Nf3 cxd4 4.Nxd4 Nc6 5.Nc3 Bc5 6.Nb3 Be7 7.Bf4 a6 8.Qd2 Nf6
9.O-O-O b5 10.Qe2 d5 11.exd5 Nxd5 12.Nxd5 exd5 13.Qh5 Be6 14.Be2 Rc8 15.Kb1 Nb4
16.Nd4 Qa5 17.a3 Nxc2 18.Nxc2 Rxc2 19.Kxc2 Qa4+ 20.Kb1 Qxf4 21.Qf3 Qa4 22.Qd3 d4
23.Qc2 Ba2+ 24.Kc1 Bg5+ 25.Rd2 Qxc2+ 26.Kxc2 Bxd2 27.Kxd2 Ke7 28.Rc1 Kd6
29.Bf3 Bc4 30.b3 Bxb3 31.Rc6+ Ke7 32.Rxa6 Bc4 33.Rc6 Rb8 34.a4 Kd7 35.a5 Rc8
36.Rb6 Rc7 37.Bb7 b4 38.a6 Bxa6 39.Bxa6 Ke7 40.Rxb4 Ra7 41.Rb7+ Rxb7 42.Bxb7 Kd6
43.Kd3  1-0

[Event "GMB"]
[Site "Wijk aan Zee NED"]
[Date "2004.01.17"]
[Round "6"]
[White "Nijboer,F"]
[Black "Stellwagen,D"]
[Result "1-0"]
[WhiteElo "2586"]
[BlackElo "2489"]

1.e4 c5 2.Nf3 e6 3.Nc3 Nc6 4.d4 cxd4 5.Nxd4 Qc7 6.Be2 a6 7.O-O Nf6 8.a4 Nxd4
9.Qxd4 Bc5 10.Qd3 h5 11.a5 d6 12.Qg3 Ke7 13.Bf4 Bd7 14.e5 dxe5 15.Bxe5 Bd6
16.f4 Qc5+ 17.Rf2 Bc6 18.b4 Qxb4 19.Qxg7 Nh7 20.Bxh5 Bxe5 21.Qxf7+ Kd8 22.Rd1+ Bd6
23.Qg7 Rf8 24.Rfd2 Kc8 25.Rxd6 Qc5+ 26.Kh1 Kb8 27.Rxc6 Qxc6 28.Bf3 Qc8 29.Qxh7 Ra7
30.Qd3 Qc7 31.Na4 Qxf4 32.Nb6 Rh8 33.g3  1-0

[Event "GMB"]
[Site "Wijk aan Zee NED"]
[Date "2004.01.17"]
[Round "6"]
[White "Fressinet,L"]
[Black "Lobron,E"]
[Result "1-0"]
[WhiteElo "2636"]
[BlackElo "2497"]

1.e4 c5 2.Nf3 e6 3.Nc3 Nc6 4.d4 cxd4 5.Nxd4 Qc7 6.Be3 a6 7.Bd3 b5 8.Nxc6 Qxc6
9.a3 Bb7 10.O-O Nf6 11.Qe2 h5 12.h3 Rc8 13.Rfd1 h4 14.Qf1 Bd6 15.Be2 Bb8
16.Bf3 Qc7 17.Qd3 d5 18.exd5 Qh2+ 19.Kf1 O-O 20.Rac1 Rfd8 21.Ke2 Nxd5 22.Nxd5 Bxd5
23.Bxd5 Rxd5 24.Qe4 Rc4 25.Qf3 Rxd1 26.Kxd1 Bf4 27.c3 Bxe3 28.fxe3 f5 29.Kc2 Qe5
30.Rd1 Qe4+ 31.Qxe4 Rxe4 32.Rd8+ Kf7 33.Kd3 Kf6 34.b3 Re5 35.Rd6 a5 36.Ra6 Rd5+
37.Ke2 Re5 38.Kf3 a4 39.bxa4 Rc5 40.Ra5 Rxc3 41.axb5 Rb3 42.a4 g5 43.Ra6 Rb4
44.g4 hxg3 45.Kxg3 Ke5 46.Kf3 f4 47.b6 Rb3 48.Ra5+ Kd6 49.Rxg5 e5 50.a5 Rxe3+
51.Kf2 Ra3 52.Rg6+ Kd7 53.b7  1-0

[Event "TCh-AUT 2003-4"]
[Site "Velden AUT"]
[Date "2004.01.22"]
[Round "4"]
[White "Steflitsch,E"]
[Black "Fogarasi,T"]
[Result "0-1"]
[WhiteElo "2388"]
[BlackElo "2477"]

1.e4 c5 2.Nf3 e6 3.d4 cxd4 4.Nxd4 Nc6 5.Nc3 Qc7 6.Be2 a6 7.O-O Nf6 8.Kh1 Be7
9.f4 d6 10.Bf3 O-O 11.g4 Re8 12.g5 Nd7 13.a4 Nxd4 14.Qxd4 b6 15.Qf2 Bb7 16.Be3 Bf8
17.Bg2 Rab8 18.Qh4 g6 19.Rf3 Bg7 20.Rh3 Nf8 21.Bg1 Bc6 22.Rd1 b5 23.axb5 axb5
24.Bd4 e5 25.fxe5 Bxe5 26.Ne2 Qb7 27.Re3 Ra8 28.Nf4 Bxd4 29.Rxd4 Ra1+ 30.Re1 Rxe1+
31.Qxe1 Ne6 32.Nxe6 Rxe6 33.Qb4 Qe7 34.h4 h6 35.c4 Bxe4 36.cxb5 Bxg2+ 37.Kxg2 Re2+
38.Kf1 Qe3 39.Rf4 Rc2  0-1

[Event "GMB"]
[Site "Wijk aan Zee NED"]
[Date "2004.01.22"]
[Round "10"]
[White "Nijboer,F"]
[Black "Lobron,E"]
[Result "1/2-1/2"]
[WhiteElo "2586"]
[BlackElo "2497"]

1.e4 c5 2.Nf3 e6 3.Nc3 Nc6 4.d4 cxd4 5.Nxd4 Qc7 6.Be3 a6 7.Qd2 Nf6 8.O-O-O Bb4
9.f3 Na5 10.Nb3 d5 11.e5 Nd7 12.Nxa5 Bxa5 13.Bd4 Bb6 14.Bxb6 Nxb6 15.Qg5 O-O
16.Rd4 Nd7 17.f4 f6 18.exf6 Nxf6 19.Bd3 Qb6 20.Ne2 Bd7 21.Rd1 Rac8 22.Qg3 Rc5
23.Qe3 Rfc8 24.h3 Bb5 25.Nc3 Bxd3 26.R4xd3 Qc6 27.Kb1 Rc4 28.Rd4 Rxd4 29.Qxd4 b5
30.a3 a5 31.Re1 b4 32.axb4 axb4 33.Qxb4 Ne4 34.Qd4 Kf7 35.f5 Nxc3+ 36.Qxc3 Qxc3
37.fxe6+ Ke7 38.bxc3 Rxc3 39.Re5 Rg3 40.Rxd5 Rxg2 41.Re5 Rg6 42.c4  1/2-1/2

[Event "GMB"]
[Site "Wijk aan Zee NED"]
[Date "2004.01.23"]
[Round "11"]
[White "Van der Wiel,J"]
[Black "Bruzon,L"]
[Result "0-1"]
[WhiteElo "2542"]
[BlackElo "2603"]

1.e4 c5 2.Nf3 e6 3.d4 cxd4 4.Nxd4 Nc6 5.Nc3 Qc7 6.Be2 Nf6 7.O-O a6 8.Kh1 Be7
9.f4 d6 10.a4 O-O 11.Be3 Re8 12.Bf3 Na5 13.g4 Nc4 14.Bc1 Bf8 15.g5 Nd7 16.Qe1 b6
17.b3 Na5 18.Bb2 Bb7 19.Qh4 Nc6 20.Nde2 Nb4 21.Bg2 Nxc2 22.Rf3 Nxa1 23.Rh3 f6
24.Qxh7+ Kf7 25.Rh6 e5 26.Bxa1 Ke7 27.gxf6+ Nxf6 28.Rxf6 Kxf6 29.Nd5+ Bxd5
30.exd5 Qc5 31.Qh4+ Kf7 32.fxe5 dxe5 33.Qh5+ g6 34.Qh7+ Bg7 35.Be4 Qd6 36.Nf4 Rh8
37.Bxg6+ Kf8 38.Ne6+ Qxe6 39.dxe6 Rxh7 40.Bxh7 Ke7 41.Kg2 Kxe6 42.Be4 Rd8
43.Bc3 Bh6 44.Be1 Rd1 45.Bf2 Rd2 46.Kf1 b5 47.Bb7 bxa4 48.bxa4 a5 49.Be1 Rb2
50.Bc8+ Kd6 51.Bxa5 Bd2 52.Bxd2 Rxd2 53.h3 Ra2 54.a5 Rxa5 55.Kf2 e4  0-1

[Event "Winter Open"]
[Site "Belgrade SCG"]
[Date "2004.01.24"]
[Round "4"]
[White "Djurdjevic,P"]
[Black "Nestorovic,L"]
[Result "1/2-1/2"]
[WhiteElo "2098"]
[BlackElo "1903"]

1.e4 c5 2.Nf3 e6 3.d4 cxd4 4.Nxd4 Nc6 5.Nc3 d6 6.Be3 a6 7.Be2 Qc7 8.O-O Nf6
9.f4 Be7 10.Nb3 Nd7 11.Kh1 b6 12.Bf3 Nc5 13.Qe2 Bb7 14.Rad1 O-O-O 15.Qf2 f6
16.Nc1 g6 17.a3 Na7 18.N1a2 Bc6 19.b4 Nd7 20.a4 f5 21.a5 Kb7 22.exf5 gxf5
23.Na4 Nc8 24.axb6 Ncxb6 25.Nxb6  1/2-1/2

[Event "Winter Open"]
[Site "Belgrade SCG"]
[Date "2004.01.25"]
[Round "5"]
[White "Cerovic,D"]
[Black "Andrijevic,M"]
[Result "0-1"]
[WhiteElo "2110"]
[BlackElo "2402"]

1.e4 c5 2.Nf3 Nc6 3.d4 cxd4 4.Nxd4 e6 5.Nc3 Qc7 6.g3 a6 7.Bg2 Nf6 8.O-O d6
9.Re1 Nxd4 10.Qxd4 e5 11.Qd3 h6 12.Be3 Be7 13.Rac1 Be6 14.Nd5 Bxd5 15.exd5 O-O
16.c4 Ng4 17.Bh3 Nxe3 18.fxe3 g6 19.b3 f5 20.Rc2 e4 21.Qe2 h5 22.Kh1 Qc5
23.Bf1 Bf6 24.Qd2 a5 25.a4 Be5 26.Bg2 Ra6 27.Rcc1 Kg7 28.Rf1 Raa8 29.Qf2 Rf6
30.h4 Kh6 31.Bh3 Rg8 32.Rg1 f4 33.g4 hxg4 34.Rxg4 fxe3 35.Qg2 Rf2  0-1

[Event "GMB"]
[Site "Wijk aan Zee NED"]
[Date "2004.01.25"]
[Round "13"]
[White "Hamdouchi,H"]
[Black "Stellwagen,D"]
[Result "1/2-1/2"]
[WhiteElo "2588"]
[BlackElo "2489"]

1.e4 c5 2.Nf3 e6 3.d4 cxd4 4.Nxd4 Nc6 5.Nc3 Qc7 6.Be2 a6 7.O-O Nf6 8.Be3 Bb4
9.Na4 Be7 10.c4 Nxe4 11.c5 O-O 12.g3 Rd8 13.Rc1 Nf6 14.Bf3 g6 15.Nb6 Rb8
16.Bg5 h6 17.Bxh6 d5 18.Re1 e5 19.Nxc6 bxc6 20.Qe2 Be6 21.Qxe5 Qxe5 22.Rxe5 Nd7
23.Nxd7 Rxd7 24.b3 Bf6 25.Re2 g5 26.h4 gxh4 27.Bf4 Rb4 28.Bd2 Rb8 29.gxh4 Bxh4
30.Kh2 Kf8 31.Rg1 Ke7 32.Bg4 Rh8 33.Bxe6 fxe6 34.Rg7+ Kd8 35.Rg6 Bxf2+ 36.Kg2 Bxc5
37.Ba5+ Kc8 38.Rexe6 Kb7 39.Rxc6 Rg8 40.Rxg8 Kxc6 41.Rg6+  1/2-1/2

[Event "Winter Open"]
[Site "Belgrade SCG"]
[Date "2004.01.27"]
[Round "7"]
[White "Nestorovic,L"]
[Black "Radjenovic,D"]
[Result "0-1"]
[WhiteElo "1903"]
[BlackElo "2110"]

1.e4 c5 2.Nf3 e6 3.d4 cxd4 4.Nxd4 Nc6 5.Nc3 a6 6.Bc4 Nf6 7.a3 Be7 8.Be3 Qc7
9.Ba2 Ne5 10.f3 Nc4 11.Bxc4 Qxc4 12.Qd3 Qc7 13.O-O O-O 14.Kh1 d6 15.f4 b6
16.f5 e5 17.Nb3 Bb7 18.Rae1 Rfd8 19.Bg1 Rac8 20.Qg3 Nd7 21.Be3 f6 22.Qf2 Nc5
23.Bxc5 dxc5 24.Rd1 c4 25.Nc1 Bc5 26.Qe2 Rd4 27.Rxd4 Bxd4 28.N1a2 b5 29.Nd1 a5
30.c3 Bb6 31.Nc1 Qc6 32.Re1 Rd8 33.Nf2 Rd6 34.h3 Qd7 35.Rd1 Bxf2 36.Rxd6 Qxd6
37.Kh2 Bxe4  0-1

[Event "Testa GM"]
[Site "Griesheim GER"]
[Date "2004.01.27"]
[Round "8"]
[White "Galdunts,S"]
[Black "Milov,L"]
[Result "1/2-1/2"]
[WhiteElo "2506"]
[BlackElo "2452"]

1.e4 c5 2.Nf3 e6 3.Nc3 Nc6 4.d4 cxd4 5.Nxd4 Qc7 6.g3 a6 7.Bg2 d6 8.O-O Bd7
9.Re1 Be7 10.Nxc6 Bxc6 11.Qg4 h5 12.Qe2 h4 13.a4 hxg3 14.hxg3 Nf6 15.Bd2 b6
16.Qc4 Qc8 17.Qd4 Rb8 18.Bg5 Ba8 19.a5 b5 20.Qd2 Qc5 21.Be3 Qc8  1/2-1/2

[Event "Gibraltar Masters"]
[Site "Catalan Bay ENG"]
[Date "2004.01.28"]
[Round "2"]
[White "Swathi,G"]
[Black "Emms,J"]
[Result "0-1"]
[WhiteElo "2297"]
[BlackElo "2501"]

1.e4 c5 2.Nf3 Nc6 3.d4 cxd4 4.Nxd4 e6 5.Nc3 d6 6.Be2 Nf6 7.O-O Be7 8.Be3 a6
9.f4 O-O 10.Qe1 Nxd4 11.Bxd4 b5 12.a3 Bb7 13.Bf3 Nd7 14.Qg3 e5 15.fxe5 Nxe5
16.Kh1 Bf6 17.Rad1 Qe7 18.Bh5 g6 19.Be2 Bg7 20.Rf2 Bc6 21.Bf1 Qb7 22.Be3 Bxe4
23.Rxd6 Bc6 24.Qh4 a5 25.Bc5 Rfe8 26.Rd1 Qc8 27.Nd5 Bxd5 28.Rxd5 Qc6 29.Rfd2 Nc4
30.Bxc4 bxc4 31.c3 Rab8 32.Bg1 Rxb2 33.Rd6 Qb5 34.Rb6 Qxb6 35.Bxb6 Rxd2  0-1

[Event "1st WinTV Open"]
[Site "Chennai IND"]
[Date "2004.01.28"]
[Round "9"]
[White "Digesh,S"]
[Black "Prasad,D"]
[Result "1/2-1/2"]
[WhiteElo "2217"]
[BlackElo "2395"]

1.e4 c5 2.Nf3 Nc6 3.d4 cxd4 4.Nxd4 e6 5.Nc3 Qc7 6.Be3 a6 7.a3 Nf6 8.f4 d6
9.Be2 Be7 10.O-O O-O 11.Kh1 Bd7 12.Nb3 Rfe8 13.Bf3 Rab8 14.Qe1 b5 15.Qg3 b4
16.Ne2 e5 17.a4 Be6 18.Nd2 Na5 19.f5 Bd7 20.b3 Kh8 21.Rac1 Bc6 22.Qf2 Bd8
23.Ng3 d5 24.Qe2 d4 25.Bg5 Bb7 26.Qe1 Rc8 27.Be2 Qb6 28.h3 h6 29.Bh4 Rc7
30.Bd3 Be7 31.Nf3 Qd6 32.Bxf6 Bxf6 33.Nh5 Rec8 34.Rb1 Rc3 35.Qg3 Re8 36.Nxf6 Qxf6
37.Kg1 Ba8 38.Qe1 Nb7 39.Nd2 Nd6 40.Rf3 a5 41.Qe2 Rec8 42.Nc4 Nxc4 43.Bxc4 Rxf3
44.Qxf3 Qh4 45.Bd3 Rc3 46.Rf1 Qf6 47.Qf2 Bb7 48.Rd1 Kg8 49.Qe2 Kf8 50.Qf2 h5
51.Qe2 Qg5 52.Qd2 Qh4 53.Qf2 Qf6 54.Qe2 h4  1/2-1/2

[Event "75th ch-GER"]
[Site "Hoeckendorf GER"]
[Date "2004.01.30"]
[Round "1"]
[White "Tischbierek,R"]
[Black "Stanke,J"]
[Result "1-0"]
[WhiteElo "2507"]
[BlackElo "2313"]

1.e4 c5 2.Nf3 Nc6 3.d4 cxd4 4.Nxd4 e6 5.Nc3 Qc7 6.Be2 Nf6 7.O-O d6 8.Ndb5 Qb8
9.Bf4 e5 10.Bg5 a6 11.Bxf6 gxf6 12.Na3 b5 13.Nd5 Bg7 14.c4 b4 15.Nc2 O-O
16.Bg4 Be6 17.Bf5 Bxd5 18.Qh5 h6 19.exd5 Ne7 20.Ne3 Rd8 21.Rad1 b3 22.a3 Ra7
23.Rd3 Rc7 24.Rc1 a5 25.Rcc3 Kf8 26.Rxb3 Rb7 27.Rxb7 Qxb7 28.b3 Qb6 29.Ng4 Nxf5
30.Qxf5 e4 31.Rg3 Qd4 32.h3 Re8 33.Ne3 h5 34.Qh7  1-0

[Event "9th HIT Open"]
[Site "Nova Gorica SLO"]
[Date "2004.01.30"]
[Round "1"]
[White "Krivec,J"]
[Black "Jaracz,P"]
[Result "0-1"]
[WhiteElo "2301"]
[BlackElo "2540"]

1.e4 c5 2.Nf3 e6 3.d4 cxd4 4.Nxd4 Nc6 5.Nc3 Qc7 6.g3 a6 7.Bg2 d6 8.O-O Be7
9.Re1 Bd7 10.Nxc6 Bxc6 11.a4 b6 12.Be3 Nf6 13.Bd4 O-O 14.Qe2 Qb7 15.f4 Rfe8
16.e5 dxe5 17.Bxc6 Qxc6 18.fxe5 Nd7 19.Ne4 Nc5 20.Nxc5 Bxc5 21.Bxc5 Qxc5+
22.Qf2 Qc6 23.b3 Red8 24.Rad1 Qc7 25.c4 h6 26.Qe3 Rab8 27.Rc1 Qc5 28.Kf1 Rd7
29.Qf3 Rd2 30.Re2 Rd4 31.Rf2 Rd7 32.Re1 b5 33.cxb5 axb5 34.Re4 bxa4 35.bxa4 Qd5
36.Kg2 Rb3 37.Qg4 Rb4 38.Rf4 Rb2+ 39.Rf2 Rb4 40.Rf4 Rxa4 41.Kh3 Ra2 42.Re2 Rxe2
43.Qxe2 Ra7 44.Qb2 Ra8 45.Rd4 Qf3 46.Rf4 Qh5+ 47.Kg2 Rc8 48.h4 Qd1 49.Rf2 Rc1
50.Kh3 Qh1+ 51.Rh2 Qf1+ 52.Rg2 Re1 53.Qb6 Qf5+ 54.Kh2 Qxe5 55.Qd8+ Kh7 56.Qd7 Qa1
57.Qd3+ f5 58.Kh3 Rh1+ 59.Rh2 Qg1  0-1

[Event "TCh-FRA Nat1 GpA"]
[Site "Evry FRA"]
[Date "2004.01.31"]
[Round "2"]
[White "Fressinet,L"]
[Black "Simon,O"]
[Result "1-0"]
[WhiteElo "2636"]
[BlackElo "2292"]

1.e4 c5 2.Nc3 Nc6 3.Nf3 e6 4.d4 cxd4 5.Nxd4 Qc7 6.Be3 Nf6 7.Ndb5 Qb8 8.f4 a6
9.e5 axb5 10.exf6 gxf6 11.Nxb5 d5 12.Be2 Bd7 13.O-O Bd6 14.c4 Ne7 15.Qb3 Bc6
16.Rad1 Bxb5 17.Qxb5+ Kf8 18.Bh5 Nf5 19.Bc5 Qc7 20.Bxd6+ Nxd6 21.Qb4 Kg7
22.cxd5 Rhd8 23.dxe6 fxe6 24.a3 Nf5 25.Rc1 Qb8 26.Bg4 Rd7 27.Bxf5 exf5 28.Qb5 Qd6
29.Qxf5 Qb6+ 30.Kh1 Rd2 31.Rc3 Re8 32.Rh3 Rh8 33.Rg3+ Kf8 34.Qg4 Qc7 35.Rc3  1-0

[Event "75th ch-GER"]
[Site "Hoeckendorf GER"]
[Date "2004.01.31"]
[Round "2"]
[White "Mueller,Ka"]
[Black "Braun,A"]
[Result "1-0"]
[WhiteElo "2517"]
[BlackElo "2429"]

1.e4 c5 2.Nf3 e6 3.d4 cxd4 4.Nxd4 Nc6 5.Nc3 Qc7 6.g3 Nf6 7.Bg2 Nxd4 8.Qxd4 Bc5
9.Bf4 d6 10.Qd2 a6 11.O-O h6 12.Rad1 e5 13.Be3 Bg4 14.Bxc5 dxc5 15.f3 Be6
16.Nd5 Bxd5 17.exd5 Qd6 18.f4 O-O 19.fxe5 Qxe5 20.d6 Qxb2 21.c4 Qxd2 22.Rxd2 Rab8
23.a4 Rfd8 24.Rb1 b6 25.Re1 Nd7 26.Re7 f6 27.Bd5+ Kh8 28.Be6 Ne5 29.Kf2 Nc6
30.Rc7 Nd4 31.Bd7 Kh7 32.Ke3 f5 33.Rxd4 cxd4+ 34.Kxd4 Kg6 35.Ke5 Rf8 36.Be6 b5
37.axb5 axb5 38.c5 b4 39.d7 b3 40.Rc8 b2 41.Rxb8 Rxb8 42.Bxf5+ Kf7 43.Kd6 b1=Q
44.Bxb1 Rxb1 45.d8=Q  1-0

[Event "Gibraltar Masters"]
[Site "Catalan Bay ENG"]
[Date "2004.02.02"]
[Round "7"]
[White "Vuckovic,Bo"]
[Black "Beshukov,S"]
[Result "1-0"]
[WhiteElo "2511"]
[BlackElo "2499"]

1.e4 c5 2.Nf3 Nc6 3.d4 cxd4 4.Nxd4 e6 5.Nc3 Qc7 6.Be3 a6 7.Qd2 Nf6 8.O-O-O Bb4
9.f3 Ne7 10.Nde2 d5 11.Bg5 dxe4 12.Bxf6 gxf6 13.Qd4 exf3 14.Qxb4 fxe2 15.Bxe2 f5
16.Bh5 Ng6 17.Bxg6 fxg6 18.Rhe1 Kf7 19.g4 f4 20.Re4 g5 21.Rc4 Qe5 22.Ne4 a5
23.Qe1 b6 24.Nd6+ Kf6 25.Re4 Qc5 26.Rxf4+  1-0

[Event "Gibraltar Masters"]
[Site "Catalan Bay ENG"]
[Date "2004.02.03"]
[Round "8"]
[White "Rowson,J"]
[Black "Emms,J"]
[Result "1-0"]
[WhiteElo "2547"]
[BlackElo "2501"]

1.e4 c5 2.Nf3 e6 3.d4 cxd4 4.Nxd4 Nc6 5.Nc3 Qc7 6.Be3 a6 7.Qd2 Nf6 8.O-O-O Bb4
9.f3 Ne5 10.Nb3 b5 11.Bd4 Bb7 12.Qf2 O-O 13.Nc5 d6 14.Nxb7 Qxb7 15.g4 Rac8
16.h4 Nfd7 17.Ne2 Qc7 18.c3 Bc5 19.Kb1 b4 20.cxb4 Bxb4 21.Nc3 Qa5 22.Rc1 Bc5
23.Bxc5 Nxc5 24.Qe3 Rb8 25.Rh2 Rb4 26.Rcc2 Rfb8 27.g5 g6 28.h5 gxh5 29.Rxh5 Qa3
30.Rhh2 Na4 31.Qc1 Nxf3 32.Rhf2 Nd4 33.g6 hxg6 34.Nb5 Rxb2+ 35.Rxb2 axb5
36.Qf4 Nc3+ 37.Ka1 Rb7 38.Qe3 e5 39.Qg5 Ra7 40.Qd8+ Kg7 41.Qf6+ Kg8 42.Bc4 d5
43.Rh2  1-0

[Event "Gibraltar Masters"]
[Site "Catalan Bay ENG"]
[Date "2004.02.03"]
[Round "8"]
[White "Al Sayed,Mohamad"]
[Black "Pogorelov,R"]
[Result "1-0"]
[WhiteElo "2446"]
[BlackElo "2451"]

1.e4 c5 2.Nf3 Nc6 3.Nc3 e6 4.d4 cxd4 5.Nxd4 Qc7 6.Nb3 a6 7.Bd3 Nf6 8.O-O b5
9.f4 b4 10.Na4 Be7 11.e5 Nd5 12.Be4 Nb6 13.Nxb6 Qxb6+ 14.Kh1 a5 15.Qf3 Ba6
16.Rd1 Rc8 17.Be3 Qc7 18.Qf2 Rb8 19.Bc5 a4 20.Bxc6 Qxc6 21.Bxe7 axb3 22.axb3 Kxe7
23.Rd6 Qe4 24.Raxa6 Rb7 25.Rd4 Qf5 26.Rxd7+ Kxd7 27.Qd4+ Kc8 28.Ra8+ Rb8
29.Qc5+  1-0

[Event "9th HIT Open"]
[Site "Nova Gorica SLO"]
[Date "2004.02.03"]
[Round "7"]
[White "Djingarova,E"]
[Black "Jaracz,B"]
[Result "0-1"]
[WhiteElo "2344"]
[BlackElo "2287"]

1.e4 c5 2.Nf3 e6 3.d4 cxd4 4.Nxd4 Nc6 5.Nc3 Qc7 6.g3 a6 7.Bg2 d6 8.Nxc6 bxc6
9.O-O Nf6 10.Na4 Be7 11.c4 O-O 12.Be3 Rb8 13.c5 d5 14.e5 Nd7 15.f4 Kh8 16.Rc1 a5
17.Rf2 f6 18.exf6 Bxf6 19.Nb6 e5 20.Nxc8 Rbxc8 21.fxe5 Nxe5 22.b3 Qd7 23.Rf1 Rce8
24.Bf4 Qf5 25.Kh1 Qg6 26.Rc2 Ng4 27.Re2 Rxe2 28.Qxe2 Re8 29.Qd2 h5 30.h3 Ne5
31.Re1 Qf5 32.Qxa5 Rf8 33.Rf1 Nd3 34.Bd6 Nf2+ 35.Kh2 h4 36.Qe1 Bd4 37.Qe7 hxg3+
38.Bxg3 Rf7 39.Qe2 Bxc5 40.b4 Bb6 41.a4 Bd4 42.a5 Ba7 43.a6 Bb6 44.Qa2 Ba7
45.b5 cxb5 46.Qxd5 Qxd5 47.Bxd5 Ng4+ 48.hxg4 Rxf1 49.Bg2 Ra1 50.Bb7 b4 51.Be5 Ra2+
52.Kg3 b3 53.Kh4 Ra5 54.Bc3 Bf2+ 55.Kh3 Ra2 56.g5 b2 57.Be4 Ra3 58.Kg2 Rxc3
59.Kxf2 Ra3  0-1

[Event "TCh-CZE Extraliga 2003-4"]
[Site "Czech Rep CZE"]
[Date "2004.02.07"]
[Round "6"]
[White "Mista,A"]
[Black "Haba,P"]
[Result "1/2-1/2"]
[WhiteElo "2521"]
[BlackElo "2524"]

1.e4 c5 2.Nf3 e6 3.d4 cxd4 4.Nxd4 Nc6 5.Nc3 Qc7 6.Be2 a6 7.O-O Nf6 8.Be3 Bb4
9.Na4 Be7 10.Nxc6 bxc6 11.Nb6 Rb8 12.Nxc8 Qxc8 13.Bd4 c5 14.Be5 Rb6 15.Qd3 d6
16.Bc3 O-O 17.b3 d5 18.e5 Nd7 19.f4 g6 20.Qh3 Re8 21.Ba5 Rb8 22.c4 dxc4 23.Bxc4 Nb6
24.f5 Nxc4 25.fxg6 fxg6 26.bxc4 Rf8 27.Rxf8+ Bxf8 28.Rd1 Qc6 29.Qg4 Rb7 30.h4 Rd7
31.Rb1 Rd4  1/2-1/2

[Event "IV Comunic Masters"]
[Site "Sao Paulo BRA"]
[Date "2004.02.07"]
[Round "5"]
[White "Rodriguez,And URU"]
[Black "Dumont,S"]
[Result "1/2-1/2"]
[WhiteElo "2485"]
[BlackElo "2341"]

1.e4 c5 2.Nf3 Nc6 3.d4 cxd4 4.Nxd4 e6 5.Nc3 Qc7 6.Be3 a6 7.Qd2 Nf6 8.f4 Bb4
9.Bd3 d5 10.e5 Ne4 11.Bxe4 dxe4 12.a3 Bxc3 13.Qxc3 Bd7 14.Nb3 Rc8 15.Nc5 Ne7
16.Nxe4 Nf5 17.Qxc7 Rxc7 18.Bc5 b6 19.g4 bxc5 20.gxf5 exf5 21.Nd6+ Ke7 22.O-O-O Be6
23.Rhg1 g6 24.Rg3 f6 25.exf6+ Kxf6 26.Re3 Rd7 27.Red3 h6 28.h4 Rb8 29.Re1 Ke7
30.Nc4 Rxd3 31.cxd3 Kf6 32.Ne5 Rg8 33.Rh1 Rd8 34.Kd2 Rb8 35.Kc3 Rb3+ 36.Kc2 Rb7
37.Rh2 Bd5 38.Kc1 Rc7 39.Kd2 c4 40.Rh3 cxd3 41.Rxd3 Be6 42.Rd6 a5 43.Nc6 a4
44.Nd4 Rd7 45.Rxe6+ Kf7 46.Kc3 Rxd4 47.Rxg6 Rxf4 48.h5 Rf3+ 49.Kd4 Rb3 50.Rxh6 f4
51.Ke5 f3 52.Rf6+ Ke7 53.Rf4 Rxb2 54.Kf5 f2 55.Kg6 Ke6 56.h6 f1=Q 57.Rxf1 Rg2+
58.Kh5 Rh2+ 59.Kg5 Rg2+ 60.Kf4 Rh2 61.Rb1 Kf7 62.Rb7+ Kg6 63.Rb6+ Kh7 64.Ra6 Rxh6
65.Ra7+ Kg6 66.Kg4 Rh1 67.Rxa4 Kf6 68.Re4 Rg1+ 69.Kf3 Kf5 70.Re3 Ra1 71.Ke2 Kf4
72.Rh3 Ra2+ 73.Kd1 Ke4 74.Kc1 Kd4 75.Kb1 Rg2 76.a4 Kc5 77.Rb3 Rg4 78.Rb5+  1/2-1/2